000 00321nam a2200133 i 4500
001 bg
100 1 _aKAŁAT, W.
245 0 _aLaboratorium pól elektromagnetycznych i cieplnych /
_cW. Kałat.
260 _aWarszawa,
_c1991.
040 _cBPK
041 _apol
942 _cKS
008 s pl f |000 0 pol
999 _c4634
_d4634
856 _uhttp://koha.tu.koszalin.pl/cgi-bin/koha/opac-detail.pl?biblionumber=4634
_yKatalog online BPK